[Event "CZE-chT1W 1920"]
[Site "Czech Republic"]
[Date "2019.11.24"]
[Round "3.6"]
[White "Vokoun, Jan"]
[Black "Benes, Petr"]
[Result "1-0"]
[WhiteElo "2083"]
[BlackElo "2084"]
[PlyCount "83"]
[EventDate "2019.10.20"]
[EventType "team-tourn"]
[EventRounds "11"]
[EventCountry "CZE"]
[SourceTitle "CBM 193 Extra"]
[Source "ChessBase"]
[SourceDate "2020.01.31"]
[SourceVersion "1"]
[SourceVersionDate "2020.01.31"]
[SourceQuality "1"]
[WhiteTeam "Pankrac"]
[BlackTeam "Praha DP EA Hotels"]
[WhiteTeamCountry "CZE"]
[BlackTeamCountry "CZE"]

1. Nf3 g6 2. d4 Bg7 3. Bg5 c5 4. c3 Qb6 5. Qd2 Nf6 6. Qc2 Nc6 7. Bxf6 Bxf6 8. d5 Ne5 9. Nxe5 Bxe5 10. Nd2 Bg7 11. h4 Qc7 12. g3 Rb8 13. a4 b6 14. Bg2 d6 15. h5 Bf5 16. Be4 Qd7 17. 0-0-0 Kd8 18. Bxf5 gxf5 19. h6 Bf6 20. Rh5 b5 21. Qxf5 bxa4 22. Qxd7+ Kxd7 23. Kc2 Rhg8 24. Ra1 Rg4 25. Rh3 Rb7 26. f3 Rg5 27. e4 Rg6 28. f4 e6 29. Rxa4 Bd8 30. Nc4 Rg8 31. Ra6 Bc7 32. Kd3 Bb6 33. Ke3 exd5 34. exd5 Ke7 35. Kf3 f5 36. Rh5 Kf6 37. Ne3 c4 38. Rxf5+ Ke7 39. Nxc4 Bc7 40. Ra1 Bd8 41. Re1+ Kd7 42. Rf7+ 1-0

[Event "CZE-chT2C 1920"]
[Site "Czech Republic"]
[Date "2019.11.03"]
[Round "2.5"]
[White "Benes, Petr"]
[Black "Juptner, Jan"]
[Result "1/2-1/2"]
[WhiteElo "2103"]
[BlackElo "2303"]
[PlyCount "161"]
[EventDate "2019.10.13"]
[EventType "team-tourn"]
[EventRounds "11"]
[EventCountry "CZE"]
[SourceTitle "EXT 2024"]
[Source "ChessBase"]
[SourceDate "2023.10.10"]
[SourceVersion "1"]
[SourceVersionDate "2023.10.10"]
[SourceQuality "1"]
[WhiteTeam "Kolin"]
[BlackTeam "Lysa nad Labem Joly III"]
[WhiteTeamCountry "CZE"]
[BlackTeamCountry "CZE"]

1. d4 Nf6 2. c4 e6 3. Nf3 d5 4. Nc3 Bb4 5. e3 c5 6. dxc5 0-0 7. Bd2 Bxc5 8. Be2 Nc6 9. 0-0 a6 10. cxd5 exd5 11. a3 Re8 12. Rc1 Ba7 13. Be1 Qd6 14. Na2 Bb8 15. Bb4 Qe6 16. Bc5 Ne4 17. Bd4 Nxd4 18. Qxd4 Ba7 19. Qd3 Nxf2 20. Rxf2 Bxe3 21. Rcf1 d4 22. Nc1 Qf6 23. Qd1 Bf5 24. Bd3 Bg4 25. Kh1 Bxf2 26. Rxf2 Re3 27. Bf1 Rae8 28. Nd3 Bxf3 29. Rxf3 Qe6 30. Rf4 Qd6 31. Qg4 Rd8 32. h3 g6 33. Qg5 Kg7 34. Rh4 h5 35. Rxh5 Kg8 36. Rh4 Rg3 37. Qh6 Qf6 38. Qh7+ Kf8 39. Rf4 Qe6 40. Qh8+ Ke7 41. Qh4+ g5 42. Qxg3 gxf4 43. Qxf4 Qe3 44. Qc7+ Rd7 45. Qc5+ Kf6 46. Kh2 Re7 47. Qh5 Rc7 48. Qh4+ Ke6 49. Qg3 Rc2 50. Qxe3+ dxe3 51. Kg3 f5 52. Kf3 a5 53. Kxe3 a4 54. Be2 b5 55. Bf3 Kf6 56. h4 Rc4 57. g3 Ke6 58. Bb7 Rg4 59. Bc8+ Kf6 60. Kf3 Rd4 61. Ke2 Re4+ 62. Kd2 Rg4 63. Nf4 Ke5 64. Nh5 Rg6 65. Ke3 Rg4 66. Bd7 b4 67. axb4 Rxb4 68. Nf4 Re4+ 69. Kf3 Rd4 70. Be8 Kf6 71. h5 Rd2 72. Bxa4 Rxb2 73. Be8 Rb3+ 74. Kg2 Rb8 75. Bg6 Kg5 76. Kh3 Rb4 77. Ng2 Rb3 78. Bf7 Ra3 79. Bd5 Kxh5 80. Nf4+ Kg5 81. Be6 1/2-1/2

[Event "CZE-chT2D 1819"]
[Site "Czech Republic"]
[Date "2019.01.27"]
[Round "7.4"]
[White "Benes, Petr"]
[Black "Miculka, Petr"]
[Result "1-0"]
[WhiteElo "2092"]
[BlackElo "2049"]
[PlyCount "93"]
[EventDate "2018.10.14"]
[EventType "team-tourn"]
[EventRounds "11"]
[EventCountry "CZE"]
[SourceTitle "EXT 2022"]
[Source "ChessBase"]
[SourceDate "2021.10.06"]
[SourceVersion "1"]
[SourceVersionDate "2021.10.06"]
[SourceQuality "1"]
[WhiteTeam "Kolin"]
[BlackTeam "Namest nad Oslavou"]
[WhiteTeamCountry "CZE"]
[BlackTeamCountry "CZE"]

1. d4 Nf6 2. c4 g6 3. Nf3 Bg7 4. Nc3 d6 5. e4 0-0 6. Be2 e5 7. dxe5 dxe5 8. Qxd8 Rxd8 9. Bg5 c6 10. 0-0 Re8 11. b4 h6 12. Bh4 g5 13. Bg3 Nh5 14. Rfd1 Nf4 15. Bf1 Bg4 16. Rd2 Bf8 17. a3 Na6 18. Ne1 Rad8 19. Rxd8 Rxd8 20. f3 Be6 21. Bf2 b6 22. Be3 c5 23. b5 Nc7 24. Nd5 Nfxd5 25. cxd5 Bd7 26. a4 a6 27. bxa6 Ra8 28. Rb1 Nxa6 29. Rxb6 Nb4 30. d6 Rxa4 31. Bxc5 Nc6 32. Bb5 Ra1 33. Bxc6 Rxe1+ 34. Kf2 Rc1 35. Bxd7 Rxc5 36. Bf5 Rc2+ 37. Ke1 Kg7 38. d7 Be7 39. Rb8 Rxg2 40. h3 Rg1+ 41. Ke2 Rg2+ 42. Kd1 Rg1+ 43. Kc2 Rg3 44. Re8 Bf6 45. d8Q Bxd8 46. Rxd8 Rxf3 47. Re8 1-0

[Event "Prague Summer op-B 5th"]
[Site "Prague"]
[Date "2018.08.04"]
[Round "2"]
[White "Nyman, John CH"]
[Black "Benes, Petr"]
[Result "0-1"]
[WhiteElo "1780"]
[BlackElo "2094"]
[PlyCount "102"]
[EventDate "2018.08.03"]
[EventType "swiss"]
[EventRounds "9"]
[EventCountry "CZE"]
[SourceTitle "CBM 186 Extra"]
[Source "ChessBase"]
[SourceDate "2018.08.24"]
[SourceVersion "1"]
[SourceVersionDate "2018.08.24"]
[SourceQuality "1"]

1. e4 Nc6 2. d4 e5 3. Nf3 exd4 4. Nxd4 Bb4+ 5. c3 Bc5 6. Be3 Bb6 7. Nxc6 bxc6 8. Bxb6 axb6 9. Bd3 Nf6 10. 0-0 d6 11. Nd2 0-0 12. Qf3 Re8 13. a3 Bd7 14. Rfe1 Ra5 15. Nc4 Rh5 16. Ne3 Rhe5 17. Nc4 R5e6 18. Re3 b5 19. Nd2 d5 20. Rae1 dxe4 21. Nxe4 Nd5 22. R3e2 Rg6 23. Ng3 Rxe2 24. Qxe2 Re6 25. Qd2 g6 26. Rxe6 Bxe6 27. Be4 Qd6 28. Bf3 Qe5 29. h3 h5 30. Ne4 Nb6 31. Ng5 Bd5 32. Bxd5 cxd5 33. Nf3 Qe4 34. Nd4 Nc4 35. Qc1 Nd6 36. Qf1 Qe8 37. b3 c5 38. Nf3 Qe4 39. Qd1 Nf5 40. a4 bxa4 41. bxa4 d4 42. cxd4 Nxd4 43. Nxd4 cxd4 44. a5 d3 45. Kf1 Qc4 46. Qd2 Qc2 47. Ke1 Qb1+ 48. Qd1 Qb5 49. Qa1 Qb4+ 50. Kd1 Qb3+ 51. Ke1 Qe6+ 0-1

[Event "CZE-chT2C 1718"]
[Site "Czech Republic"]
[Date "2018.01.28"]
[Round "7.6"]
[White "Dolansky, Lukas"]
[Black "Benes, Petr"]
[Result "0-1"]
[WhiteElo "2072"]
[BlackElo "2085"]
[PlyCount "90"]
[EventDate "2017.10.15"]
[EventType "team-tourn"]
[EventRounds "11"]
[EventCountry "CZE"]
[SourceTitle "EXT 2022"]
[Source "ChessBase"]
[SourceDate "2021.10.06"]
[SourceVersion "1"]
[SourceVersionDate "2021.10.06"]
[SourceQuality "1"]
[WhiteTeam "Pisek"]
[BlackTeam "Kolin"]
[WhiteTeamCountry "CZE"]
[BlackTeamCountry "CZE"]

1. c4 Nf6 2. g3 d5 3. cxd5 Nxd5 4. d4 e6 5. Bg2 Bb4+ 6. Bd2 0-0 7. Nf3 c5 8. 0-0 Nc6 9. Bxb4 cxb4 10. Nbd2 a5 11. Rc1 a4 12. e4 Nf6 13. e5 Nd5 14. Ne4 a3 15. b3 f5 16. exf6 gxf6 17. Re1 Re8 18. Qd2 Nce7 19. Bh3 Ng6 20. Rc5 Ra6 21. Bf1 Rb6 22. Qh6 Rf8 23. Nh4 Nxh4 24. Qxh4 Kh8 25. Bc4 Nc3 26. Nxc3 bxc3 27. Rh5 Rf7 28. Rc1 Rd6 29. Bd3 f5 30. Qxd8+ Rxd8 31. Rxc3 Rfd7 32. Rh4 Kg7 33. Bb5 Rd5 34. Rc7+ Kf6 35. Rcxh7 Rxd4 36. R4h6+ Ke5 37. Re7 Rd2 38. Bc4 R8d6 39. f4+ Ke4 40. g4 Rxa2 41. gxf5 Rd1+ 42. Bf1 Raa1 43. fxe6 Rxf1+ 44. Kg2 Rg1+ 45. Kf2 a2 0-1

[Event "CZE-chT2C 1718"]
[Site "Czech Republic"]
[Date "2018.01.14"]
[Round "6.6"]
[White "Benes, Petr"]
[Black "Koubova, Anna Marie"]
[Result "1-0"]
[WhiteElo "2085"]
[BlackElo "1915"]
[PlyCount "81"]
[EventDate "2017.10.15"]
[EventType "team-tourn"]
[EventRounds "11"]
[EventCountry "CZE"]
[SourceTitle "EXT 2022"]
[Source "ChessBase"]
[SourceDate "2021.10.06"]
[SourceVersion "1"]
[SourceVersionDate "2021.10.06"]
[SourceQuality "1"]
[WhiteTeam "Kolin"]
[BlackTeam "Unichess Vyletna"]
[WhiteTeamCountry "CZE"]
[BlackTeamCountry "CZE"]

1. b3 Nf6 2. Bb2 e6 3. Nf3 g6 4. e3 Bg7 5. Be2 0-0 6. 0-0 d5 7. d3 c5 8. Nbd2 Nc6 9. c4 b6 10. Rc1 Bb7 11. a3 Qe7 12. Ne5 Rac8 13. Rc2 Rfd8 14. Qa1 Ne8 15. Nxc6 Bxc6 16. Bxg7 Nxg7 17. Nf3 Ne8 18. Rfc1 Qf6 19. Qxf6 Nxf6 20. cxd5 Nxd5 21. d4 Nf6 22. dxc5 Be4 23. Rc3 Nd5 24. Rc4 Rxc5 25. Rxc5 bxc5 26. Rxc5 Rb8 27. b4 h6 28. Nd2 Nf6 29. Nxe4 Nxe4 30. Ra5 Rc8 31. g3 Rc1+ 32. Kg2 Rc7 33. Bf3 Nd2 34. h4 Kf8 35. h5 g5 36. g4 Ke7 37. Rb5 Kf6 38. a4 Nc4 39. a5 Ke7 40. Rb8 Kf6 41. a6 1-0

[Event "Prague Summer op-B 4th"]
[Site "Prague"]
[Date "2017.08.10"]
[Round "8"]
[White "Smelykh, Edvin"]
[Black "Benes, Petr"]
[Result "1/2-1/2"]
[WhiteElo "1776"]
[BlackElo "1994"]
[PlyCount "135"]
[EventDate "2017.08.04"]
[EventType "swiss"]
[EventRounds "9"]
[EventCountry "CZE"]
[SourceTitle "EXT 2019"]
[Source "ChessBase"]
[SourceDate "2018.10.10"]
[SourceVersion "1"]
[SourceVersionDate "2018.10.10"]
[SourceQuality "1"]

1. e4 Nf6 2. e5 Nd5 3. d4 d6 4. Bc4 Nb6 5. Bb3 dxe5 6. dxe5 Qxd1+ 7. Kxd1 Nc6 8. e6 Bxe6 9. Bxe6 fxe6 10. Nf3 0-0-0+ 11. Ke2 g6 12. c3 Bg7 13. Re1 h6 14. Nbd2 g5 15. h3 Nd5 16. Kf1 Nf4 17. Nc4 Rhf8 18. Bxf4 Rxf4 19. Nce5 Nxe5 20. Nxe5 Rd2 21. f3 h5 22. Rab1 c6 23. Ng6 Rf6 24. Ne5 Kc7 25. Re2 Rd5 26. Rbe1 Kd8 27. Kg1 Ke8 28. Nc4 Rc5 29. Nd2 Ra5 30. a3 Rb5 31. Nc4 Rc5 32. Nd2 Rd5 33. Nc4 Rf4 34. Ne5 Rf5 35. Nc4 Rc5 36. Nd2 e5 37. Ne4 Rd5 38. Ng3 Rf7 39. Nxh5 Bf6 40. Ng3 Rh7 41. Nf5 Kf7 42. Ne3 Rc5 43. Ng4 Ke6 44. Re4 Rh8 45. c4 b5 46. Rc1 Rd8 47. b4 Rxc4 48. Rcxc4 bxc4 49. Rxc4 Rd1+ 50. Kf2 Kd6 51. Rc5 e4 52. Nxf6 exf6 53. fxe4 Rd2+ 54. Kf1 Rd4 55. Rf5 Ke6 56. Ra5 Rxe4 57. Rxa7 Rc4 58. Ra6 Ke5 59. Kg1 Kf4 60. Kh2 f5 61. Ra8 g4 62. hxg4 fxg4 63. Rf8+ Kg5 64. Rf2 Rc3 65. g3 Rxa3 66. Rc2 Kf5 67. Rc5+ Ke4 68. Rc4+ 1/2-1/2

[Event "Prague Summer op-B 4th"]
[Site "Prague"]
[Date "2017.08.06"]
[Round "4"]
[White "Modi, Yashil"]
[Black "Benes, Petr"]
[Result "0-1"]
[WhiteElo "1687"]
[BlackElo "1994"]
[PlyCount "80"]
[EventDate "2017.08.04"]
[EventType "swiss"]
[EventRounds "9"]
[EventCountry "CZE"]
[SourceTitle "EXT 2019"]
[Source "ChessBase"]
[SourceDate "2018.10.10"]
[SourceVersion "1"]
[SourceVersionDate "2018.10.10"]
[SourceQuality "1"]

1. d4 Nf6 2. Nf3 c5 3. d5 g6 4. Nc3 Bg7 5. e4 0-0 6. e5 Ng4 7. Bf4 d6 8. exd6 exd6 9. Be2 Re8 10. 0-0 Ne5 11. Ne4 Qb6 12. a4 a5 13. Nfd2 Nbd7 14. Bb5 h6 15. Bxe5 dxe5 16. Nc4 Qa7 17. Re1 Rd8 18. Ned6 Nf6 19. Rxe5 Bd7 20. Re7 Qb6 21. Bxd7 Rxd7 22. Rxd7 Nxd7 23. Qf3 Nf6 24. Re1 Qd8 25. Rd1 Qe7 26. Nb5 Rd8 27. h3 Ne4 28. d6 Qe6 29. Nxa5 Rd7 30. Nc7 Qe5 31. Rd5 Nd2 32. Rxd2 Qe1+ 33. Kh2 Qxd2 34. Nxb7 Rxd6 35. Nb5 Rf6 36. Qe3 Qxc2 37. f3 Re6 38. Qxc5 Be5+ 39. Kg1 Bg3 40. Qxc2 Re1# 0-1

[Event "Prague Summer op-B 4th"]
[Site "Prague"]
[Date "2017.08.04"]
[Round "1"]
[White "Benes, Petr"]
[Black "Dindera, Jaroslav"]
[Result "1-0"]
[WhiteElo "1994"]
[BlackElo "1583"]
[PlyCount "61"]
[EventDate "2017.08.04"]
[EventType "swiss"]
[EventRounds "9"]
[EventCountry "CZE"]
[SourceTitle "EXT 2019"]
[Source "ChessBase"]
[SourceDate "2018.10.10"]
[SourceVersion "1"]
[SourceVersionDate "2018.10.10"]
[SourceQuality "1"]

1. c4 d6 2. g3 e6 3. Bg2 Bd7 4. d4 c6 5. Nf3 Nf6 6. 0-0 Be7 7. Nc3 h6 8. e4 Na6 9. Rb1 Rc8 10. b4 d5 11. exd5 cxd5 12. c5 Nc7 13. a4 b5 14. Ne5 0-0 15. c6 Na6 16. Nxb5 Be8 17. Nxa7 Nxb4 18. Nxc8 Qxc8 19. Ba3 Nxc6 20. Bxe7 Nxe7 21. Qb3 Qa6 22. Qb7 Qxb7 23. Rxb7 Nf5 24. a5 Nxd4 25. Rfb1 Ne4 26. Bxe4 dxe4 27. a6 f6 28. Nd7 Ne2+ 29. Kf1 Bxd7 30. Rxd7 Nc3 31. Rbb7 1-0